000
00316nam a2200133Ia 4500
005
20251222155139.0
008
251222s9999||||xx |||||||||||||| ||spa||
082
_a
SIQ.07
100
_a
SANCHEZ GARCIA.
245
0
_a
Manual Para Evaluar Caso Psiquiatrico
250
_a
1ra. ed.
264
_b
Eximpres
942
_c
LIB
999
_c
39129
_d
39129